[Event "4NCL Online Division 5"]
[Site "online"]
[Date "2020.05.19"]
[Round "7.23"]
[White "Lamb, Ian"]
[Black "Kuralla, Kaushik"]
[Result "1/2-1/2"]
[WhiteElo "1568"]
[BlackElo "1585"]
[PlyCount "109"]
[EventDate "2020.05.19"]
[WhiteTeam "Bolton & Worsley"]
[BlackTeam "Nottingham University 2"]

1. Nf3 d5 2. g3 c5 3. d4 Nf6 4. Bg2 Bf5 5. O-O h6 6. c4 dxc4 7. Qa4+ Bd7 8.
Qxc4 cxd4 9. Nxd4 Qc8 10. Qxc8+ Bxc8 11. Nb5 Na6 12. Bf4 e6 13. Rc1 Nd5 14.
Bxd5 exd5 15. Nc7+ Nxc7 16. Rxc7 Bb4 17. a3 Be7 18. Nc3 d4 19. Nb5 Bg4 20. f3
Bh5 21. Rac1 Rd8 22. Rxb7 f6 23. Rcc7 Bf8 24. g4 Bg6 25. Nxa7 d3 26. exd3 Rxd3
27. Nc6 Bc5+ 28. Kg2 O-O 29. Rxg7+ Kh8 30. Rxg6 Re8 31. Rxh6+ Kg8 32. Rg6+ Kh8
33. Bh6 Re2+ 34. Kg3 Bf2+ 35. Kg2 Bc5+ 36. Kf1 Rf2+ 37. Ke1 Rxh2 38. Rb8+ Kh7
39. Rg7+ Kxh6 40. Rh8+ Kxg7 41. Rxh2 Rxf3 42. a4 Rg3 43. b4 Bd6 44. Rh1 Rxg4
45. a5 Bxb4+ 46. Nxb4 Rxb4 47. Rh5 Ra4 48. Rb5 Ra2 49. Kf1 Kf7 50. Rc5 Ke7 51.
Rf5 Ke6 52. Rb5 Kd6 53. Rf5 Kc7 54. Rxf6 Rxa5 55. Re6 1/2-1/2

[Event "4NCL Online Division 5"]
[Site "online"]
[Date "2020.05.19"]
[Round "7.24"]
[White "Litherland, Jack"]
[Black "Busznyak, Arpad"]
[Result "1-0"]
[WhiteElo "1300"]
[BlackElo "1570"]
[PlyCount "61"]
[EventDate "2020.05.19"]
[WhiteTeam "Nottingham University 2"]
[BlackTeam "Bolton & Worsley"]

1. d4 d5 2. Bf4 Bf5 3. e3 Nf6 4. Nc3 e6 5. Nb5 Na6 6. Nf3 c6 7. Nc3 Qa5 8. Bd3
Bb4 9. Qd2 Ne4 10. Bxe4 Bxe4 11. Ke2 Rc8 12. a3 Be7 13. b4 Qd8 14. Nxe4 dxe4
15. Ne5 Nc7 16. c4 O-O 17. f3 f5 18. fxe4 fxe4 19. Qc2 Ne8 20. Raf1 Nf6 21. g4
Bd6 22. g5 Nh5 23. Rhg1 Rf5 24. Qxe4 Qc7 25. Rg4 Rcf8 26. Rh4 g6 27. Rf3 Be7
28. Nxg6 Nxf4+ 29. Nxf4 e5 30. Ne6 Qc8 31. Nxf8 1-0

[Event "4NCL Online Division 5"]
[Site "online"]
[Date "2020.05.19"]
[Round "7.31"]
[White "Krawczuk, Michael J"]
[Black "Cheal, Barry A"]
[Result "0-1"]
[WhiteElo "1828"]
[BlackElo "2193"]
[PlyCount "100"]
[EventDate "2020.05.19"]
[WhiteTeam "Wessex Some Stars C"]
[BlackTeam "Hertford"]

1. e4 d5 2. exd5 Qxd5 3. Nc3 Qd6 4. d4 Nf6 5. Be3 c6 6. Bd3 Bg4 7. Nge2 e6 8.
Qd2 Be7 9. O-O-O Bh5 10. f3 Bg6 11. Bf4 Qd8 12. Ne4 Na6 13. Kb1 Nc7 14. g4 Ncd5
15. Bg3 Nxe4 16. Bxe4 Nf6 17. Bd3 Bxd3 18. Qxd3 Qd7 19. h4 Bd6 20. h5 Bxg3 21.
Nxg3 h6 22. Ne4 Qe7 23. Rhe1 O-O-O 24. c4 Kb8 25. Nc5 Qc7 26. Qe3 Ka8 27. Nd3
Nd7 28. f4 Rhe8 29. Ne5 Nxe5 30. dxe5 Kb8 31. c5 Rd5 32. Rxd5 cxd5 33. Qd4 Rc8
34. Rc1 Qc6 35. Rc3 Qb5 36. a4 Qf1+ 37. Ka2 Rc6 38. f5 a6 39. f6 gxf6 40. exf6
Qe2 41. Qf4+ Ka7 42. Qxh6 Qxg4 43. Qh7 Qxa4+ 44. Kb1 d4 45. Rc1 Qb3 46. Qe4 Qe3
47. Qxe3 dxe3 48. h6 Rc8 49. Kc2 Rxc5+ 50. Kd1 e2+ 0-1

[Event "4NCL Online Division 5"]
[Site "online"]
[Date "2020.05.19"]
[Round "7.32"]
[White "Buswell, A Mark"]
[Black "Chilton, James I"]
[Result "1-0"]
[WhiteElo "1810"]
[BlackElo "1725"]
[PlyCount "117"]
[EventDate "2020.05.19"]
[WhiteTeam "Hertford"]
[BlackTeam "Wessex Some Stars C"]

1. d4 Nf6 2. c4 e6 3. Nc3 d5 4. Bg5 Be7 5. e3 O-O 6. cxd5 exd5 7. Bd3 Be6 8.
Nge2 Nbd7 9. Nf4 c6 10. Qc2 h6 11. Nxe6 fxe6 12. Bf4 b5 13. O-O a6 14. Ne2 Rc8
15. Rac1 c5 16. Qd1 Qb6 17. Bg3 c4 18. Bb1 Rfd8 19. Bh4 e5 20. dxe5 Nxe5 21.
Bf5 Ra8 22. Nd4 Nf7 23. Qf3 Ra7 24. Be6 Rd6 25. Bxf6 Bxf6 26. Bxd5 Bxd4 27.
exd4 Rf6 28. Qe4 Qd6 29. Qe8+ Qf8 30. Rce1 Rf5 31. Bc6 Nd6 32. Qe6+ Kh8 33. d5
Raf7 34. Re2 R7f6 35. Qe3 Nf7 36. Qd4 Rf4 37. Qa7 Nd6 38. Rfe1 Rxf2 39. Rxf2
Rxf2 40. Qxf2 Qxf2+ 41. Kxf2 b4 42. Re6 b3 43. axb3 c3 44. bxc3 Nf5 45. d6 Nxd6
46. Rxd6 g5 47. Be4 g4 48. Rd7 h5 49. Kg3 a5 50. Kf4 a4 51. bxa4 g3 52. hxg3 h4
53. gxh4 Kg8 54. Ke5 Kf8 55. Ke6 Ke8 56. Ra7 Kf8 57. h5 Kg8 58. Kf6 Kh8 59. Kg6
1-0

[Event "4NCL Online Division 5"]
[Site "online"]
[Date "2020.05.19"]
[Round "7.33"]
[White "Pankaj Tomar"]
[Black "Judkins, Brian D"]
[Result "1-0"]
[WhiteElo "1525"]
[BlackElo "1697"]
[PlyCount "77"]
[EventDate "2020.05.19"]
[WhiteTeam "Wessex Some Stars C"]
[BlackTeam "Hertford"]

1. e4 e5 2. Nf3 Nf6 3. Nxe5 d6 4. Nf3 Nxe4 5. d4 d5 6. Bd3 Nc6 7. O-O Be7 8.
Nc3 Nxc3 9. bxc3 Bg4 10. h3 Bh5 11. Rb1 Rb8 12. Qe2 O-O 13. g4 Bg6 14. Re1 Bxd3
15. cxd3 b6 16. Bf4 Bd6 17. Ne5 Bxe5 18. dxe5 Re8 19. d4 Na5 20. Bg3 Rc8 21. f4
c5 22. f5 f6 23. Qf3 fxe5 24. dxe5 d4 25. Rbd1 Nc6 26. h4 Qe7 27. e6 Red8 28.
g5 Rf8 29. c4 Na5 30. Qf1 Rcd8 31. Rd2 Nb7 32. Qf3 Nd6 33. Bxd6 Rxd6 34. Qe4
Rdd8 35. Rd3 Rde8 36. Rf3 Rd8 37. Qe5 Rde8 38. f6 Qb7 39. f7+ 1-0

[Event "4NCL Online Division 5"]
[Site "online"]
[Date "2020.05.19"]
[Round "7.34"]
[White "Wooster, Nick"]
[Black "Cuthbert, Larissa"]
[Result "1-0"]
[WhiteElo "1690"]
[BlackElo "1010"]
[PlyCount "127"]
[EventDate "2020.05.19"]
[WhiteTeam "Hertford"]
[BlackTeam "Wessex Some Stars C"]

1. d4 Nf6 2. c4 g6 3. Nc3 Bg7 4. e4 d6 5. f4 O-O 6. Nf3 Nbd7 7. Be2 Re8 8. O-O
c5 9. d5 e6 10. Bd3 Nb6 11. Qc2 exd5 12. exd5 Qc7 13. Bd2 Bd7 14. Rae1 a5 15.
b3 a4 16. h3 axb3 17. axb3 Nh5 18. Ne4 Bf5 19. Kh2 Re7 20. Neg5 Bxd3 21. Qxd3
h6 22. Rxe7 Qxe7 23. Re1 Qd7 24. Ne4 Ra3 25. g4 Nf6 26. Ng3 Na4 27. Qc2 Nb2 28.
Rb1 Ra2 29. Kg2 Nh7 30. Bc1 Qe7 31. Bxb2 Qf6 32. Ne2 Rxb2 33. Rxb2 Qxb2 34.
Qxb2 Bxb2 35. Ng3 f6 36. Ne4 f5 37. gxf5 gxf5 38. Nxd6 Nf6 39. Nxb7 Ne4 40. Ne5
Kg7 41. Nd7 Bd4 42. Nb6 Kg6 43. d6 Nxd6 44. Nxd6 h5 45. Nb7 h4 46. Nd7 Kf7 47.
Ndxc5 Ke7 48. Nd3 Kd7 49. b4 Kc6 50. Na5+ Kb6 51. Nb3 Bf6 52. Kf3 Bd8 53. Ke3
Kc6 54. Nd4+ Kd6 55. Nxf5+ Ke6 56. Nd4+ Kf6 57. Ke4 Bc7 58. c5 Ke7 59. Kd5 Kd7
60. b5 Ba5 61. b6 Kc8 62. f5 Kd8 63. Nc6+ Kc8 64. Nxa5 1-0

[Event "4NCL Online Division 5"]
[Site "online"]
[Date "2020.05.19"]
[Round "7.41"]
[White "Marshall, John R"]
[Black "Monga, Kanav"]
[Result "1-0"]
[WhiteElo "1652"]
[BlackElo "1682"]
[PlyCount "89"]
[EventDate "2020.05.19"]
[WhiteTeam "Temple Sutton"]
[BlackTeam "Warwickshire Bears B"]

1. d4 d5 2. c4 e6 3. Nc3 Nf6 4. cxd5 exd5 5. Bg5 Be7 6. e3 c6 7. Bd3 O-O 8.
Nge2 Bg4 9. f3 Bh5 10. O-O Nbd7 11. Nf4 Bg6 12. Bxg6 hxg6 13. Qe2 Re8 14. Rae1
Qb6 15. Nd3 Rac8 16. Qf2 Nh5 17. Bxe7 Rxe7 18. e4 dxe4 19. fxe4 Nhf6 20. e5 Ng4
21. Qf4 Nh6 22. Kh1 Nf5 23. d5 Rce8 24. e6 fxe6 25. dxe6 Nc5 26. Nxc5 Qxc5 27.
g4 Nh6 28. h3 Rxe6 29. Rxe6 Rxe6 30. Qb8+ Kh7 31. Qf8 Qe5 32. Qf4 Qc5 33. g5
Nf5 34. h4 Re3 35. Kh2 Qe7 36. h5 Qd7 37. hxg6+ Kxg6 38. Rd1 Qe8 39. Rf1 Qh8+
40. Kg1 Rg3+ 41. Kf2 Qh2+ 42. Ke1 Re3+ 43. Kd1 Qxb2 44. Qxf5+ Kh5 45. Rh1+ 1-0

[Event "4NCL Online Division 5"]
[Site "online"]
[Date "2020.05.19"]
[Round "7.42"]
[White "Dicen, Elis Denele"]
[Black "Modhura, Urbi"]
[Result "1-0"]
[WhiteElo "1697"]
[BlackElo "1682"]
[PlyCount "159"]
[EventDate "2020.05.19"]
[WhiteTeam "Warwickshire Bears B"]
[BlackTeam "Temple Sutton"]

1. e4 e5 2. Nf3 Nc6 3. Bc4 Bc5 4. d3 Nf6 5. c3 d6 6. O-O h6 7. a4 a5 8. Be3 Ba7
9. Bxa7 Nxa7 10. Qb3 O-O 11. Nbd2 Nc6 12. Rfe1 Qe7 13. Nf1 Bg4 14. N3d2 b6 15.
Ne3 Bd7 16. Nf3 Rae8 17. Rad1 Kh8 18. Bd5 Nxd5 19. Nxd5 Qe6 20. Qc2 Rc8 21. b3
f5 22. Qe2 f4 23. Nd2 Qg6 24. f3 Rf7 25. Nc4 Nd8 26. d4 Nc6 27. dxe5 Nxe5 28.
Nxe5 dxe5 29. Rd2 Be6 30. Red1 Rb8 31. c4 c6 32. Nc3 b5 33. axb5 cxb5 34. Nd5
b4 35. Ra2 Rd7 36. Rxa5 Rbd8 37. Rb5 Bxd5 38. exd5 Qd6 39. Re1 Re8 40. Qd2 Rc7
41. Qxb4 Qg6 42. Rb8 Rce7 43. Rxe8+ Rxe8 44. c5 Qf7 45. Qc4 Qd7 46. b4 Kg8 47.
b5 Kf7 48. Ra1 Kg6 49. Ra6+ Kg5 50. Qe4 Qf7 51. d6 Rc8 52. Qxe5+ Qf5 53. Qxf5+
Kxf5 54. c6 Ke6 55. d7 Rf8 56. Ra7 Kd6 57. Rb7 Ra8 58. h3 Ra1+ 59. Kh2 Ra8 60.
b6 Kxc6 61. Rc7+ Kd6 62. Rc8 Kxd7 63. Rxa8 Kc6 64. Rb8 g5 65. b7 Kc7 66. Rh8
Kxb7 67. Rxh6 Kc7 68. Rg6 Kd7 69. Rxg5 Ke6 70. Rg4 Kf5 71. h4 Kf6 72. h5 Ke5
73. h6 Kd4 74. h7 Ke3 75. h8=Q Kf2 76. Qd4+ Kf1 77. Rxf4 Ke1 78. Re4+ Kf1 79.
Qd1+ Kf2 80. Qe2# 1-0

[Event "4NCL Online Division 5"]
[Site "online"]
[Date "2020.05.19"]
[Round "7.43"]
[White "Perks, Gary M"]
[Black "Fellowes, Billy"]
[Result "1/2-1/2"]
[WhiteElo "1577"]
[BlackElo "1555"]
[PlyCount "86"]
[EventDate "2020.05.19"]
[WhiteTeam "Temple Sutton"]
[BlackTeam "Warwickshire Bears B"]

1. d4 Nf6 2. Bf4 d6 3. Nf3 Bf5 4. e3 g6 5. h3 Bg7 6. c3 O-O 7. Nbd2 Qd7 8. Nh4
c5 9. Nxf5 Qxf5 10. Nf3 Nc6 11. Bd3 Qd7 12. O-O Rad8 13. Bb5 a6 14. Ba4 b5 15.
Bc2 Nh5 16. Bh2 f5 17. Qe2 e5 18. dxc5 dxc5 19. Rad1 Qe7 20. Rxd8 Rxd8 21. Rd1
Rxd1+ 22. Qxd1 e4 23. Qd5+ Kh8 24. Qxc6 exf3 25. Qxf3 f4 26. Bxf4 Nxf4 27. Qxf4
Be5 28. Qf3 Qd6 29. g4 Kg7 30. Qe4 Bf6 31. f4 Qd2 32. Qd3 Qe1+ 33. Kg2 Bh4 34.
Qd7+ Kf8 35. Qc8+ Kf7 36. Qd7+ Be7 37. Qd5+ Ke8 38. Qe4 Qd2+ 39. Kg1 Qe1+ 40.
Kg2 Qe2+ 41. Kg1 Qe1+ 42. Kg2 Qe2+ 43. Kg1 Qe1+ 1/2-1/2

[Event "4NCL Online Division 5"]
[Site "online"]
[Date "2020.05.19"]
[Round "7.44"]
[White "Morris, William"]
[Black "Pool, Melvin R"]
[Result "0-1"]
[WhiteElo "1615"]
[BlackElo "1585"]
[PlyCount "158"]
[EventDate "2020.05.19"]
[WhiteTeam "Warwickshire Bears B"]
[BlackTeam "Temple Sutton"]

1. e4 e5 2. Nf3 Nc6 3. Bc4 Be7 4. d3 Nf6 5. Nc3 O-O 6. Be3 d6 7. h3 Na5 8. Bb3
c6 9. O-O Qc7 10. Qe2 a6 11. Rfd1 Nxb3 12. axb3 d5 13. exd5 cxd5 14. Bg5 d4 15.
Ne4 Nxe4 16. Bxe7 Qxe7 17. Qxe4 f6 18. g4 h5 19. Kg2 hxg4 20. hxg4 Qe6 21. Kg3
Qc6 22. Qxc6 bxc6 23. Nh4 Kh7 24. Rh1 Kg8 25. Ng6 Kf7 26. Nxf8 Kxf8 27. Rh8+
Kf7 28. Ra5 g6 29. Rc5 Kg7 30. Rd8 Bb7 31. Rxa8 Bxa8 32. f4 exf4+ 33. Kxf4 g5+
34. Kf5 Bb7 35. Ke4 Bc8 36. Kf3 Bd7 37. Rc4 Be6 38. Rxc6 Bd5+ 39. Ke2 Bxc6 40.
c3 dxc3 41. bxc3 Kf7 42. d4 Bd7 43. Kf3 Ke6 44. c4 Kd6 45. Kg3 Kc6 46. Kf3 Kb6
47. b4 a5 48. c5+ Kb5 49. bxa5 Kxa5 50. d5 Kb5 51. c6 Bc8 52. Ke4 Kc5 53. c7
Kd6 54. Kd4 Kxc7 55. Kc5 Bxg4 56. d6+ Kd7 57. Kd5 Be6+ 58. Ke4 Kxd6 59. Kf3 Ke5
60. Ke3 Bd5 61. Kf2 g4 62. Kg3 Kf5 63. Kf2 Bf3 64. Kg3 Ke5 65. Kf2 Kf4 66. Kg1
Kg3 67. Kf1 Kh2 68. Kf2 f5 69. Kf1 g3 70. Ke1 g2 71. Kf2 g1=Q+ 72. Kxf3 Qg4+
73. Ke3 f4+ 74. Kd4 f3+ 75. Ke5 f2 76. Kd5 f1=Q 77. Ke5 Qff5+ 78. Kd6 Qgg6+ 79.
Ke7 Qff7+ 0-1

[Event "4NCL Online Division 5"]
[Site "online"]
[Date "2020.05.19"]
[Round "7.51"]
[White "Bansal, Saahil"]
[Black "Whatmore, Steve"]
[Result "1-0"]
[WhiteElo "1745"]
[BlackElo "1817"]
[PlyCount "123"]
[EventDate "2020.05.19"]
[WhiteTeam "Kent KJCA Kestrels D"]
[BlackTeam "Rugeley"]

1. d4 Nf6 2. c4 e5 3. dxe5 Ng4 4. Nf3 Nc6 5. e3 Bb4+ 6. Bd2 Bxd2+ 7. Nbxd2
Ngxe5 8. Be2 d6 9. O-O O-O 10. a3 a5 11. Nd4 Nxd4 12. exd4 Nc6 13. Nf3 Bf5 14.
d5 Ne5 15. Nd4 Bd7 16. f4 Ng6 17. f5 Ne5 18. f6 gxf6 19. Bd3 f5 20. Bxf5 Bxf5
21. Nxf5 Kh8 22. Qh5 Qf6 23. Qh3 Rae8 24. Rf4 Ng6 25. Rf2 Rg8 26. Raf1 Ne5 27.
Nh6 Qg6 28. Nxf7+ Nxf7 29. Rxf7 Re3 30. Rxh7+ Qxh7 31. Qxe3 Qg6 32. Qh3+ Kg7
33. Qg3 Qxg3 34. hxg3 Re8 35. Kf2 Re4 36. Rc1 Rd4 37. b4 axb4 38. axb4 Kf6 39.
Rc3 Rd2+ 40. Kf3 Rb2 41. b5 c6 42. bxc6 bxc6 43. dxc6 Rb6 44. Ke4 Rxc6 45. Kd5
Ra6 46. Re3 Ra5+ 47. Kxd6 Ra6+ 48. Kc5 Ra5+ 49. Kb6 Ra1 50. c5 Rb1+ 51. Kc7 Rc1
52. c6 Kf7 53. Kd7 Rd1+ 54. Kc8 Rc1 55. c7 Kf8 56. Re4 Rc2 57. Rb4 Ke8 58. Kb7
Kd7 59. Rd4+ Ke7 60. c8=Q Rb2+ 61. Ka7 Ra2+ 62. Kb6 1-0

[Event "4NCL Online Division 5"]
[Site "online"]
[Date "2020.05.19"]
[Round "7.52"]
[White "Carr, Matthew"]
[Black "Moore, Eoin"]
[Result "1-0"]
[WhiteElo "1692"]
[BlackElo "1558"]
[PlyCount "91"]
[EventDate "2020.05.19"]
[WhiteTeam "Rugeley"]
[BlackTeam "Kent KJCA Kestrels D"]

1. e4 e6 2. d4 d5 3. Nd2 Be7 4. Bd3 c5 5. c3 Nc6 6. Ndf3 Nf6 7. e5 Nd7 8. Ne2
Qb6 9. O-O O-O 10. Qc2 cxd4 11. Bxh7+ Kh8 12. Nexd4 Ncxe5 13. Nxe5 Nxe5 14. f4
Nc6 15. Be3 Bc5 16. Rad1 Bd7 17. Rf3 e5 18. Bf5 g6 19. Bxd7 exd4 20. cxd4 Be7
21. Bxc6 bxc6 22. f5 Kg7 23. Bf4 Bf6 24. Qd2 Rh8 25. fxg6 fxg6 26. Rb3 Qa6 27.
Qb4 g5 28. Be5 Bxe5 29. Qe7+ Kg6 30. dxe5 Raf8 31. Rb7 Qe2 32. Qe6+ Kh5 33.
Qh3+ Kg6 34. Qd3+ Qxd3 35. Rxd3 Kf5 36. Rxa7 Kxe5 37. Rc3 Rf6 38. Rg7 d4 39.
Rxg5+ Ke4 40. Rg4+ Kd5 41. Rd3 Rhf8 42. Rdxd4+ Kc5 43. h4 Rf2 44. b4+ Kb5 45.
Rg5+ Ka4 46. Ra5# 1-0

[Event "4NCL Online Division 5"]
[Site "online"]
[Date "2020.05.19"]
[Round "7.53"]
[White "Brightley-Davies, Ciaran"]
[Black "Sullivan, Luke"]
[Result "1-0"]
[WhiteElo "1454"]
[BlackElo "1585"]
[PlyCount "59"]
[EventDate "2020.05.19"]
[WhiteTeam "Kent KJCA Kestrels D"]
[BlackTeam "Rugeley"]

1. e4 d6 2. d4 Nf6 3. Nc3 Nbd7 4. Nf3 e5 5. dxe5 dxe5 6. Bb5 c6 7. Bc4 h6 8.
O-O Be7 9. h3 g5 10. b3 Qc7 11. Bb2 Nf8 12. Re1 Ng6 13. Ne2 Nh5 14. Nc1 b5 15.
Bf1 Rg8 16. Nd3 f6 17. Nfxe5 Ngf4 18. Nxf4 Nxf4 19. Ng4 Nh5 20. Nxh6 Qf4 21.
Qxh5+ Kd8 22. Nxg8 Bd6 23. Bxf6+ Kc7 24. e5 Bc5 25. Qf7+ Kb8 26. Re2 Bxh3 27.
gxh3 Qg3+ 28. Bg2 Bd4 29. Rd1 Bc5 30. Rd8# 1-0

[Event "4NCL Online Division 5"]
[Site "online"]
[Date "2020.05.19"]
[Round "7.54"]
[White "Wood, Ryan"]
[Black "Dorman, Orla"]
[Result "1-0"]
[WhiteElo "1322"]
[BlackElo "1464"]
[PlyCount "77"]
[EventDate "2020.05.19"]
[WhiteTeam "Rugeley"]
[BlackTeam "Kent KJCA Kestrels D"]

1. d4 Nf6 2. Bf4 d5 3. e3 c5 4. c3 Nc6 5. Nd2 Qb6 6. Qb3 Qxb3 7. axb3 cxd4 8.
exd4 Bf5 9. Ngf3 e6 10. Bb5 a6 11. Ne5 Rc8 12. Bxc6+ bxc6 13. Rxa6 Bd6 14. Nxf7
Bxf4 15. Nxh8 Bd3 16. Ra7 Bc7 17. h4 Nd7 18. Rh3 Bf5 19. Re3 Nf6 20. f3 Bf4 21.
Re2 Bg3+ 22. Kd1 Bxh4 23. g4 Nxg4 24. fxg4 Bxg4 25. Rxg7 Bxe2+ 26. Kxe2 h6 27.
Rg8+ Kd7 28. Rxc8 Kxc8 29. Ng6 Bg5 30. Kd3 Kc7 31. Nf3 Be7 32. Nxe7 Kd6 33. Ng6
Kd7 34. Nfe5+ Kc7 35. c4 Kb6 36. Nf4 dxc4+ 37. bxc4 Kc7 38. Nxe6+ Kd6 39. Nf4
1-0

[Event "4NCL Online Division 5"]
[Site "online"]
[Date "2020.05.19"]
[Round "7.61"]
[White "Cullen, Ben"]
[Black "Shah, Kian"]
[Result "0-1"]
[WhiteElo "1894"]
[BlackElo "1735"]
[PlyCount "126"]
[EventDate "2020.05.19"]
[WhiteTeam "Gonzaga D"]
[BlackTeam "Chess Warriors"]

1. d4 Nf6 2. c4 c5 3. d5 e6 4. Nc3 exd5 5. cxd5 d6 6. g3 g6 7. Bg2 Bg7 8. Nf3
O-O 9. O-O Re8 10. Nd2 a6 11. a4 Nbd7 12. Nc4 Nb6 13. Nxb6 Qxb6 14. a5 Qc7 15.
h3 Bf5 16. g4 Bd7 17. Bf4 Rad8 18. Qd2 h5 19. g5 Nh7 20. Ne4 Bf8 21. Rac1 Bxh3
22. Nxc5 Bxg2 23. Kxg2 Qe7 24. Nb3 Qe4+ 25. f3 Qxe2+ 26. Qxe2 Rxe2+ 27. Rf2
Rde8 28. Rc7 Rxf2+ 29. Kxf2 Be7 30. Rxb7 Bxg5 31. Bxg5 Nxg5 32. Rb6 h4 33. Nd4
h3 34. Rxa6 Re1 35. Kg3 Rg1+ 36. Kh2 Rg2+ 37. Kh1 Rd2 38. Rc6 Rxd4 39. Rc3 Rxd5
40. b4 Kf8 41. a6 Rd1+ 42. Kh2 Ra1 43. b5 Ke7 44. Rb3 Kd7 45. b6 Kc8 46. Rc3+
Kb8 47. a7+ Kb7 48. Rb3 Ra6 49. Kg3 d5 50. f4 Ne6 51. Kxh3 Nxf4+ 52. Kg3 Ne6
53. Kf2 Ng5 54. Ke3 Ne4 55. Kd4 Nd2 56. Rb5 Nc4 57. Kxd5 Nxb6+ 58. Ke5 Kxa7 59.
Kf6 Nc4+ 60. Kg5 Ra5 61. Rxa5+ Nxa5 62. Kf6 Kb6 63. Kxf7 g5 0-1

[Event "4NCL Online Division 5"]
[Site "online"]
[Date "2020.05.19"]
[Round "7.62"]
[White "Gurjar, Roshan"]
[Black "O'neill, Sam"]
[Result "1-0"]
[WhiteElo "1712"]
[BlackElo "1889"]
[PlyCount "89"]
[EventDate "2020.05.19"]
[WhiteTeam "Chess Warriors"]
[BlackTeam "Gonzaga D"]

1. e4 e5 2. Nf3 Nc6 3. Nc3 Nf6 4. Bb5 Bb4 5. O-O O-O 6. d3 Bxc3 7. bxc3 d6 8.
Bg5 h6 9. Bh4 Bg4 10. h3 Bh5 11. g4 Bg6 12. Re1 h5 13. Nh2 Qc8 14. Bxf6 gxf6
15. gxh5 Bh7 16. Ng4 f5 17. exf5 Bxf5 18. Qf3 Kh7 19. Nf6+ Kg7 20. Nd5 Rg8 21.
Kh2 Kf8 22. Nf6 Rh8 23. Rg1 Qe6 24. Bxc6 bxc6 25. Rg5 Qxf6 26. Rxf5 Qe6 27. Rg1
Ke7 28. Rg7 Raf8 29. Qg4 Rh6 30. Qg5+ Ke8 31. d4 e4 32. c4 Rfh8 33. Rg8+ Rxg8
34. Qxg8+ Ke7 35. Qg5+ Ke8 36. Qg8+ Ke7 37. Qg5+ Ke8 38. d5 cxd5 39. cxd5 f6
40. Qxh6 Qxf5 41. Qg6+ Qxg6 42. hxg6 Ke7 43. h4 f5 44. Kg3 Kf6 45. h5 1-0

[Event "4NCL Online Division 5"]
[Site "online"]
[Date "2020.05.19"]
[Round "7.63"]
[White "Nolan, Conor"]
[Black "Vyas, Alisha"]
[Result "1-0"]
[WhiteElo "1884"]
[BlackElo "1675"]
[PlyCount "161"]
[EventDate "2020.05.19"]
[WhiteTeam "Gonzaga D"]
[BlackTeam "Chess Warriors"]

1. d4 Nf6 2. Nf3 g6 3. g3 Bg7 4. Bg2 O-O 5. O-O d6 6. a4 Nc6 7. a5 Bf5 8. a6
Bc8 9. d5 Nb4 10. axb7 Bxb7 11. c4 c5 12. Nc3 Nd7 13. Ra3 Ba6 14. Nd2 Nb6 15.
Qb3 Qc7 16. Na2 Nxa2 17. Qxa2 Bc8 18. e4 Nd7 19. h3 a6 20. f4 Rb8 21. Nf3 Rb4
22. b3 Nf6 23. Re1 Nd7 24. Bd2 Rb8 25. Qc2 Re8 26. Bc3 Bxc3 27. Qxc3 e5 28.
dxe6 Rxe6 29. Qd3 Bb7 30. Raa1 Nf6 31. Ng5 Re7 32. Qc3 Nh5 33. h4 h6 34. Nh3
Rbe8 35. Nf2 Re6 36. Rad1 Qe7 37. Rd3 f5 38. Rde3 Nf6 39. e5 dxe5 40. Rxe5 Rxe5
41. Rxe5 Qf7 42. Rxc5 Bxg2 43. Kxg2 Ne4 44. Nxe4 Rxe4 45. Re5 Rxe5 46. fxe5
Qb7+ 47. Qf3 Qc8 48. Qd5+ Kg7 49. e6 Kf6 50. Qd7 Qxd7 51. exd7 Ke7 52. d8=Q+
Kxd8 53. b4 Kd7 54. Kf3 g5 55. h5 Kd6 56. Ke3 Ke5 57. b5 axb5 58. cxb5 Kd5 59.
b6 Kc6 60. Kd4 Kxb6 61. Ke5 f4 62. gxf4 g4 63. Ke4 g3 64. Kf3 g2 65. Kxg2 Kc6
66. Kf3 Kd6 67. Ke4 Ke6 68. f5+ Kf6 69. Kf4 Kf7 70. Ke5 Ke7 71. f6+ Kf7 72. Kf5
Kf8 73. Kg6 Kg8 74. Kxh6 Kf7 75. Kg5 Kg8 76. Kg6 Kh8 77. h6 Kg8 78. f7+ Kf8 79.
h7 Ke7 80. h8=Q Ke6 81. f8=Q 1-0

[Event "4NCL Online Division 5"]
[Site "online"]
[Date "2020.05.19"]
[Round "7.64"]
[White "Gurjar, Siena"]
[Black "Murray, Sam"]
[Result "0-1"]
[WhiteElo "1382"]
[BlackElo "1613"]
[PlyCount "112"]
[EventDate "2020.05.19"]
[WhiteTeam "Chess Warriors"]
[BlackTeam "Gonzaga D"]

1. e4 e5 2. Nf3 Nc6 3. Nc3 Bc5 4. Nxe5 Nxe5 5. d4 Bd6 6. dxe5 Bxe5 7. Bc4 Nf6
8. O-O O-O 9. Bg5 Re8 10. Rb1 h6 11. Bh4 Bxc3 12. bxc3 Rxe4 13. Bxf6 Qxf6 14.
Qd3 Qe7 15. Rb4 Re1 16. Rxe1 Qxe1+ 17. Qf1 Qxf1+ 18. Kxf1 c6 19. Bd3 d5 20. h3
Rb8 21. Ra4 a6 22. Rb4 b5 23. a4 c5 24. Rb1 c4 25. Be2 Bf5 26. Rb2 Kf8 27. Bf3
Be6 28. Ke2 Ke7 29. Ke3 Kd6 30. Kd4 Kc6 31. g4 a5 32. axb5+ Rxb5 33. Rxb5 Kxb5
34. Bxd5 Bxd5 35. Kxd5 a4 36. Kd6 a3 37. Ke7 a2 38. Kxf7 a1=Q 39. Kxg7 Qxc3+
40. Kxh6 Qxc2 41. g5 Qxf2 42. g6 c3 43. g7 Qf4+ 44. Kh7 Qh4+ 45. Kg6 c2 46.
g8=Q Qg3+ 47. Kf7 Qxg8+ 48. Kxg8 c1=Q 49. h4 Qh6 50. h5 Qxh5 51. Kf8 Qh7 52.
Ke8 Kb6 53. Kd8 Kc6 54. Ke8 Kd6 55. Kf8 Ke6 56. Ke8 Qg8# 0-1

[Event "4NCL Online Division 5"]
[Site "online"]
[Date "2020.05.19"]
[Round "7.71"]
[White "Jackson, Edward"]
[Black "Palmer, Alan H"]
[Result "1-0"]
[WhiteElo "1712"]
[BlackElo "1787"]
[PlyCount "73"]
[EventDate "2020.05.19"]
[WhiteTeam "Manchester Juniors B"]
[BlackTeam "Battersea Pawnbreakers"]

1. e4 c5 2. c3 d5 3. exd5 Qxd5 4. d4 Nc6 5. Nf3 Bg4 6. Be2 cxd4 7. cxd4 e6 8.
O-O Nf6 9. Nc3 Qd7 10. a3 Be7 11. Be3 O-O 12. Rc1 Rfd8 13. h3 Bh5 14. Ne5 Bxe2
15. Nxe2 Nxe5 16. dxe5 Qxd1 17. Rfxd1 Rxd1+ 18. Rxd1 Nd5 19. Bd4 b6 20. Nc3 Rd8
21. Rd2 Nxc3 22. Bxc3 Rxd2 23. Bxd2 Bc5 24. a4 Bd4 25. Bc3 Bxc3 26. bxc3 Kf8
27. f4 Ke7 28. Kf2 Kd7 29. Ke3 Kc6 30. Kd4 b5 31. a5 Kb7 32. Kc5 Ka6 33. Kb4 f6
34. f5 Kb7 35. exf6 gxf6 36. fxe6 Kc6 37. e7 1-0

[Event "4NCL Online Division 5"]
[Site "online"]
[Date "2020.05.19"]
[Round "7.72"]
[White "Valentine, Tim"]
[Black "Jayawarna, Tarini"]
[Result "0-1"]
[WhiteElo "1712"]
[BlackElo "1520"]
[PlyCount "114"]
[EventDate "2020.05.19"]
[WhiteTeam "Battersea Pawnbreakers"]
[BlackTeam "Manchester Juniors B"]

1. e4 e6 2. d4 d5 3. Nc3 Bb4 4. Nge2 dxe4 5. a3 Ba5 6. b4 Bb6 7. Nxe4 Nc6 8. c3
Nge7 9. N2g3 O-O 10. Bd3 e5 11. Qh5 Ng6 12. Ng5 h6 13. Nxf7 Rxf7 14. Bxg6 Re7
15. Bg5 exd4+ 16. Bxe7 Qxe7+ 17. Ne4 Ne5 18. Qe2 Nxg6 19. cxd4 Bf5 20. f3 Re8
21. O-O-O Bxe4 22. fxe4 Qxe4 23. Qc4+ Kh7 24. Rhf1 Qe3+ 25. Rd2 Qxa3+ 26. Kb1
Re3 27. Ra2 Qb3+ 28. Qxb3 Rxb3+ 29. Rb2 Rxb2+ 30. Kxb2 Bxd4+ 31. Kb3 Ne5 32.
Rf4 Bb6 33. Kc3 Kg6 34. Rf8 Nc6 35. Kc4 a6 36. b5 axb5+ 37. Kxb5 Nd4+ 38. Kc4
Ne6 39. Rf1 Kg5 40. Re1 Kf5 41. Rf1+ Ke5 42. Re1+ Kd6 43. Rd1+ Nd4 44. Rd3 Bc5
45. Rg3 g5 46. Rh3 Nf5 47. Rf3 Ne3+ 48. Kd3 Nxg2 49. Rf6+ Ke5 50. Rxh6 b5 51.
Rh7 Bd6 52. Rg7 Kf6 53. Rg8 Bxh2 54. Rb8 Nf4+ 55. Kd2 g4 56. Rxb5 g3 57. Rh5 g2
0-1

[Event "4NCL Online Division 5"]
[Site "online"]
[Date "2020.05.19"]
[Round "7.73"]
[White "Fairclough, William"]
[Black "Welch, Stephen T"]
[Result "1-0"]
[WhiteElo "1412"]
[BlackElo "1457"]
[PlyCount "105"]
[EventDate "2020.05.19"]
[WhiteTeam "Manchester Juniors B"]
[BlackTeam "Battersea Pawnbreakers"]

1. e4 d5 2. exd5 Qxd5 3. Nc3 Qa5 4. Nf3 Bg4 5. Be2 c6 6. O-O Nf6 7. d4 e6 8.
Bf4 Nbd7 9. h3 Bh5 10. Re1 Be7 11. Ne5 Bxe2 12. Rxe2 O-O 13. Nxd7 Nxd7 14. Ne4
Rad8 15. Bd6 Bxd6 16. Nxd6 Qc7 17. Ne4 b6 18. Qd3 c5 19. Ng5 g6 20. d5 Ne5 21.
Qe4 Rxd5 22. Qh4 h5 23. g4 Qd8 24. gxh5 Qxg5+ 25. Qxg5 Nf3+ 26. Kg2 Nxg5 27. h4
Kg7 28. hxg6 Kxg6 29. hxg5 Rxg5+ 30. Kf1 Rh8 31. Ree1 Rh1+ 32. Ke2 Re5+ 33. Kd2
Rd5+ 34. Ke2 Re5+ 35. Kd2 Rexe1 36. Rxe1 Rxe1 37. Kxe1 Kf5 38. Ke2 Ke5 39. Ke3
f5 40. f4+ Kd5 41. b3 e5 42. c4+ Ke6 43. a3 e4 44. Kd2 Kf6 45. Ke3 Kg6 46. Kf2
Kh5 47. Kg3 e3 48. Kf3 e2 49. Kxe2 Kg4 50. Ke3 Kg3 51. b4 cxb4 52. axb4 a6 53.
c5 1-0